Impact of the global crisis on labor markets and unemployment in Slovak Republic

Globálna kríza a globálny trh práce. Pracovný trh na Slovensku počas globálnej krízy.

Enregistré dans:
Détails bibliographiques
Auteur principal: Martincová, Marta, 1955-
Format: Chapitre de livre
Langue:anglais
Sujets:
Tags: Ajouter un tag
Pas de tags, Soyez le premier à ajouter un tag!

MARC

LEADER 00000naa$a2200000$$$4500
001 0182120
005 20240502083428.3
041 0 |a eng 
044 |a MK 
245 1 0 |a Impact of the global crisis on labor markets and unemployment in Slovak Republic  |c Marta Martincová 
520 |a Globálna kríza a globálny trh práce. Pracovný trh na Slovensku počas globálnej krízy. 
610 2 0 |a kríza 
610 2 0 |a trh práce 
610 2 0 |a zamestnanosť 
610 2 0 |a nezamestnanosť 
610 2 0 |a Slovensko 
100 1 |a Martincová, Marta, 1955-